000 00619nam a2200241Ia 4500
003 OSt
005 20250411160159.0
008 210210b2009 xxu||||| |||| 00| 0 eng d
020 _a9788131500514
040 _cAL
041 _aeng
082 _a543 SKOF
100 _aSKOOG (Douglas A)
_9208263
245 _aFundamentals of analytical chemistry
250 _a8
260 _aAustralia
_bBrooks Cole Publishing Company.,
_c2009
300 _axix,1146
650 _achemistry
_9208264
690 _aAnalytical Chemistry
_9208265
700 _aWEST (Donald M)
_9208266
906 _a066106
942 _2ddc
_cBK
999 _c146662
_d146662